| 000 | 00741aam a2200241 4500 | ||
|---|---|---|---|
| 005 | 20170124085251.0 | ||
| 008 | 150420b xxu||||| |||| 00| 0 spa d | ||
| 041 | _aspa | ||
| 082 | _a972.862 Q6h | ||
| 100 |
_aQuirós Castro, José Alberto _912962 |
||
| 245 | _aHistoria de la Parroquia de los Ángeles en Cartago: el camino de una devoción y la organización de una comunidad mariana | ||
| 260 | _aCosta Rica | ||
| 260 | _bSerrano Elizondo | ||
| 260 | _c1998 | ||
| 300 | _a48 páginas | ||
| 650 |
_aCOSTA RICA _936895 |
||
| 650 |
_aIGLESIAS _912964 |
||
| 650 |
_aCARTAGO _91052 |
||
| 650 |
_aBASÍLICA NUESTRA SEÑORA DE LOS ÁNGELES _912965 |
||
| 650 |
_aHISTORIA _943 |
||
| 650 |
_aVIRGEN DE LOS ÁNGELES _912934 |
||
| 942 | _cBK | ||
| 999 |
_c4830 _d4830 |
||